Writing history papers : (Record no. 186181)
[ view plain ]
| 000 -LEADER | |
|---|---|
| fixed length control field | 00960 a2200241 4500 |
| 003 - CONTROL NUMBER IDENTIFIER | |
| control field | Nust |
| 005 - DATE AND TIME OF LATEST TRANSACTION | |
| control field | 20171218110140.0 |
| 008 - FIXED-LENGTH DATA ELEMENTS--GENERAL INFORMATION | |
| fixed length control field | 171218b xxu||||| |||| 00| 0 eng d |
| 010 ## - LIBRARY OF CONGRESS CONTROL NUMBER | |
| LC control number | 78066987 |
| 020 ## - INTERNATIONAL STANDARD BOOK NUMBER | |
| International Standard Book Number | 8130706202 |
| 040 ## - CATALOGING SOURCE | |
| Transcribing agency | 0 |
| 082 00 - DEWEY DECIMAL CLASSIFICATION NUMBER | |
| Classification number | 808.02 BEN |
| 100 1# - MAIN ENTRY--PERSONAL NAME | |
| Personal name | Bennett, James D. |
| 9 (RLIN) | 7422 |
| 245 10 - TITLE STATEMENT | |
| Title | Writing history papers : |
| Remainder of title | an introduction / |
| Statement of responsibility, etc. | James D. Bennett, Lowell H. Harrison. |
| 260 ## - PUBLICATION, DISTRIBUTION, ETC. | |
| Place of publication, distribution, etc. | New Delhi |
| Name of publisher, distributor, etc. | Cosmo |
| Date of publication, distribution, etc. | c2007 |
| 300 ## - PHYSICAL DESCRIPTION | |
| Extent | 64p. ; |
| Dimensions | 29 cm. |
| 490 0# - SERIES STATEMENT | |
| Series statement | The Forum series |
| 500 ## - GENERAL NOTE | |
| General note | P.B |
| 505 ## - FORMATTED CONTENTS NOTE | |
| Formatted contents note | Introduction (Page-5) Selecting a Topic (Page-7) Bibliographical Aids (Page-9) Note Taking (Page-19) Writing your Paper (Page-23) Mechanics of Term Papers (Page-29) Footnotes (Page-37) Bibliography (Page-45) Exercises (Page-57) Index (Page-63). |
| 538 ## - SYSTEM DETAILS NOTE | |
| System details note | Almirah No.59 Shelf No.4 |
| 650 #0 - SUBJECT ADDED ENTRY--TOPICAL TERM | |
| Topical term or geographic name entry element | Academic writing |
| General subdivision | Handbooks, manuals, etc. |
| 9 (RLIN) | 7423 |
| 650 #0 - SUBJECT ADDED ENTRY--TOPICAL TERM | |
| Topical term or geographic name entry element | Historiography |
| General subdivision | Handbooks, manuals, etc. |
| 9 (RLIN) | 7424 |
| 650 #0 - SUBJECT ADDED ENTRY--TOPICAL TERM | |
| Topical term or geographic name entry element | History |
| General subdivision | Research |
| -- | Handbooks, manuals, etc. |
| 9 (RLIN) | 7425 |
| 700 1# - ADDED ENTRY--PERSONAL NAME | |
| Personal name | Harrison, Lowell Hayes, |
| Dates associated with a name | 1922- |
| 9 (RLIN) | 7426 |
| 942 ## - ADDED ENTRY ELEMENTS (KOHA) | |
| Source of classification or shelving scheme | |
| Koha item type | Book |
| Call number prefix | IESE |
| Withdrawn status | Lost status | Source of classification or shelving scheme | Damaged status | Not for loan | Collection code | Permanent Location | Current Location | Shelving location | Date acquired | Total Checkouts | Full call number | Barcode | Date last seen | Price effective from | Koha item type |
|---|---|---|---|---|---|---|---|---|---|---|---|---|---|---|---|
| Institute of Environmental Science and Engineering (IESE) | Institute of Environmental Science and Engineering (IESE) | General Stacks | 12/18/2017 | 808.02 BEN | IESE-1349 | 12/18/2017 | 12/18/2017 | Book |
